Album de paleografía hispanoamericana de los siglos XVI y XVII
Saved in:
| Main Authors: | , |
|---|---|
| Format: | Book |
| Language: | Spanish |
| Published: |
Barcelona
El Albir
1975
|
| Series: | Biblioteca de paleografía hispánica, 2
|
| Subjects: | |
| Tags: |
Add Tag
No Tags, Be the first to tag this record!
|
MARC
| LEADER | 00000nam a2200000 a 4500 | ||
|---|---|---|---|
| 001 | UCX8549 | ||
| 003 | CL-VaPUC | ||
| 008 | 940412e19750000SP |||||||||||||||||spa|d | ||
| 082 | 0 | 4 | |a 417.7 |b MIL |2 21 |
| 100 | |a Millares Carlo, Agustín |e autor |9 576788 | ||
| 700 | 0 | |a Mantención Navasal, José Ignacio |e author |9 325683 | |
| 245 | 1 | 0 | |a Album de paleografía hispanoamericana de los siglos XVI y XVII |
| 246 | 1 | 0 | |a Paleografía hispanoamericana de los siglos XVI y XVII |
| 300 | |a v | ||
| 942 | |c BK | ||
| 945 | |d 19940412 00:00:00 |a aalvarez | ||
| 260 | |a Barcelona |b El Albir |c 1975 | ||
| 500 | |a v.1: Introducción | ||
| 500 | |a v.2: Láminas | ||
| 650 | 7 | |a PALEOGRAFIA HISTORIA |2 CL-VaPUC |9 325684 | |
| 650 | 7 | |a ESPAÑOL ESCRITURA |2 CL-VaPUC |9 322111 | |
| 650 | 7 | |a MANUSCRITOS FACSIMILES |2 CL-VaPUC |9 325685 | |
| 651 | 0 | |a América Latina |9 255027 | |
| 583 | |a last modification |c 19940412 00:00:00 |k Rodrigo Vera | ||
| 490 | 0 | |a Biblioteca de paleografía hispánica, 2 | |
| 999 | |c 228011 |d 228009 | ||
| 952 | |0 0 |1 0 |4 0 |6 417_700000000000000_MIL_1975 |7 0 |8 DER_HDC |9 227582 |a BIBDER |b BIBDER |d 2019-11-15 |h v.1 |i 2969645 |o 417.7 MIL 1975 |p 2969645 |r 2023-01-25 |w 2019-11-15 |x Ubicación 4to Piso |y BK |z Estos recursos deben solicitarse con anticipación |k DER | ||
| 952 | |0 0 |1 0 |4 0 |6 417_700000000000000_MIL_1975 |7 0 |8 DER_HDC |9 227583 |a BIBDER |b BIBDER |d 2019-11-15 |h v.2 |i 2969653 |o 417.7 MIL 1975 |p 2969653 |r 2023-01-25 |w 2019-11-15 |x Ubicación 4to Piso |y BK |z Estos recursos deben solicitarse con anticipación |k DER | ||